Music Quiz

Random Music or Artist Quiz

Music Without Grammar Quiz Stats

 Plays Quiz Updated May 8, 2019

Score 0/60 Timer 06:00
0 Plays Today
% Correct
Take
96.2%
Stop
95.1%
Door
94.5%
Without
94%
Kissed
94%
Blue
94%
Good
92.8%
Of
91.9%
Always
91.9%
Over
91.5%
Walk
91.4%
Purple
91.3%
Rhapsody
90.7%
About
90.4%
Softly
89.8%
Who
89.7%
Heart
89.5%
Us
88.6%
That
88.1%
Like
85.6%
Tiny
84.8%
Up
82.3%
Anything
82.2%
Survive
80.6%
My
78.9%
Into
78.2%
Wizard
77.7%
Super
75.6%
Paradise
74.8%
Lean
72%
% Correct
Lose
70.4%
Silence
70.1%
Mine
69.9%
Woman
69.9%
Your
69.3%
They
67.3%
For
65.5%
Along
63.4%
Hurts
62.6%
By
62.4%
Our
62.3%
Around
60.9%
Then
59.4%
Away
57.9%
Sweet
57.2%
Right
55.8%
Comfortably
55.2%
Little
52.3%
Suspicious
50%
Great
49.1%
After
46.1%
Everybody
45.5%
Crying
45.4%
Behind
44.9%
Teardrops
43.4%
Save
39.9%
River
34.9%
Too
31.2%
Triangle
28.3%
Hardest
21.2%

You're not logged in!

Compare scores with friends on all Sporcle quizzes.
OR
Log In

Sporcle TV

Today on Sporcle TV


Watch our educational content, quiz creation guides, and fun videos on Sporcle TV.

Show Comments

Extras

Top Quizzes Today


Score Distribution

Your Account Isn't Verified!

In order to create a playlist on Sporcle, you need to verify the email address you used during registration. Go to your Sporcle Settings to finish the process.

Report this User

Report this user for behavior that violates our Community Guidelines.

Details: